000 00996nam a22003017i 4500
003 DO-SdBNP
005 20240530073926.0
007 ta
008 211019b2019 dr ||||| |||| 00| 0 spa d
020 _a9789945862553
040 _aDO-SdBNP
_bspa
_cBNPHU
_erda
082 4 _aRD863.44
_bM433L, 2019
_222
100 1 _aMatos Moquete, Manuel,
_980263
_d1944-
_eautor
245 1 0 _aLarga vida /
_b Manuel Matos Moquete
250 _a3ra. edición
264 _aSanto Domingo :
_bImpresora Soto Castillo,
_c2019.
300 _a184 páginas
_c21 cm.
336 _2rdacontent
_atexto
_btxt
337 _2rdamedia
_asin mediación
_bn
338 _2rdacarrier a
_avolumen ¡
_bnc
500 _aIncluye datos biográficos del autor en la contracubierta.
586 _aPremio Nacional de Literatura 2019.
590 _aInventariado, 2021 /LP
650 0 _aNovela dominicana
_9223
650 4 _aLiteratura dominicana
910 _aLopérez/Validado. Control de calidad MFF
942 _2ddc
_cLBS1
999 _c50772
_d50772